Managing professional teachers : middle management in primary and secondary schools
Αποθηκεύτηκε σε:
| Κύριος συγγραφέας: | |
|---|---|
| Μορφή: | Βιβλίο |
| Γλώσσα: | English |
| Δημοσίευση: |
London :
Paul Chapman,
1995
|
| Θέματα: | |
| Ετικέτες: |
Προσθήκη ετικέτας
Δεν υπάρχουν, Καταχωρήστε ετικέτα πρώτοι!
|
MARC
| LEADER | 00000nam a2200000 i 4500 | ||
|---|---|---|---|
| 001 | 1/84490 | ||
| 008 | 990623s1995 eng d | ||
| 020 | |a 1-85396-269-4 | ||
| 035 | |l 10051618 | ||
| 040 | |a GR-MY-UA |b gre |e aacr | ||
| 041 | 0 | |a eng | |
| 082 | 0 | |a 371.100941 | |
| 100 | 1 | |a Bennett, Nigel. | |
| 245 | 1 | 0 | |a Managing professional teachers : |b middle management in primary and secondary schools / |c Nigel Bennett |
| 260 | |a London : |b Paul Chapman, |c 1995 | ||
| 300 | |a 166 p. | ||
| 650 | 0 | 0 | |a School supervision |z Great Britain. |
| 650 | 0 | 0 | |a School administrators |z Great Britain. |
| 852 | |a INST |b RHODES |e 19990623 |h 371.100941 BEN |p 005400014700 |q 005400014700 |t BK |y 0 | ||
| 901 | |a BIBL4-1999-2 | ||
| 909 | |a Ρ |b 066200 |c 1999 | ||
| 922 | |a 4ΕΛΗ |b 199906 |c ΚΠΣ/154 |d LEADER | ||
| 970 | |a ΚΟΥΛΙΑΚΙΩΤΗ |b ΕΥΑΓΓΕΛΙΑ |z 19990623 | ||